ARRUPE JESUIT UNIVERSITY

CORONAVIRUS -STOP THE SPREAD - CLEAN,DISINFECT,COVER

William, Abbot of St. Thierry : (Record no. 121444)

MARC details
000 -LEADER
fixed length control field 01520cam a2200337 a 4500
001 - CONTROL NUMBER
control field 516276
003 - CONTROL NUMBER IDENTIFIER
control field ARRUPE
005 - DATE AND TIME OF LATEST TRANSACTION
control field 20141210133436.0
008 - FIXED-LENGTH DATA ELEMENTS--GENERAL INFORMATION
fixed length control field 860509s1987 miu b 100 0 eng
010 ## - LIBRARY OF CONGRESS CONTROL NUMBER
LC control number 86012948
020 ## - INTERNATIONAL STANDARD BOOK NUMBER
International Standard Book Number 0879078944
040 ## - CATALOGING SOURCE
Original cataloging agency DLC
Transcribing agency DLC
Modifying agency DLC
041 1# - LANGUAGE CODE
Language code of text/sound track or separate title engfre
050 00 - LIBRARY OF CONGRESS CALL NUMBER
Classification number BX4705.W559
Item number C65 1976
082 00 - DEWEY DECIMAL CLASSIFICATION NUMBER
Classification number 271/.1/024
Edition number 19
300 ## - PHYSICAL DESCRIPTION
Dimensions 23 cm.
111 2# - MAIN ENTRY--MEETING NAME
Meeting name or jurisdiction name as entry element Colloque international d'histoire monastique
Date of meeting (1976 :
Location of meeting Reims, France, and Saint-Thierry, France)
9 (RLIN) 13232
240 10 - UNIFORM TITLE
Uniform title <a href="Saint-Thierry.">Saint-Thierry.</a>
Language of a work English
245 10 - TITLE STATEMENT
Title William, Abbot of St. Thierry :
Remainder of title a colloquium at the Abbey of St. Thierry /
Statement of responsibility, etc translated from the French by Jerry Carfantan.
260 ## - PUBLICATION, DISTRIBUTION, ETC. (IMPRINT)
Place of publication, distribution, etc Kalamazoo, Mich. :
Name of publisher, distributor, etc Cistercian Publications,
Date of publication, distribution, etc c1987.
300 ## - PHYSICAL DESCRIPTION
Extent 273 p. ;
440 #0 - SERIES STATEMENT/ADDED ENTRY--TITLE
Title Cistercian studies series ;
Volume number/sequential designation no. 94
9 (RLIN) 13233
500 ## - GENERAL NOTE
General note Translation of: Saint-Thierry. Includes several texts in Latin and 2 articles written originally in English.
500 ## - GENERAL NOTE
General note Papers originally presented at the Colloque international d'histoire monastique, Reims-Saint-Thierry, France, Oct. 11-14, 1987.
504 ## - BIBLIOGRAPHY, ETC. NOTE
Bibliography, etc Bibliography: p. 261-273.
600 00 - SUBJECT ADDED ENTRY--PERSONAL NAME
Personal name William,
Titles and other words associated with a name of Saint-Thierry, Abbot of Saint-Thierry,
Dates associated with a name approximately 1085-1148?
General subdivision Congresses.
9 (RLIN) 13234
650 #0 - SUBJECT ADDED ENTRY--TOPICAL TERM
Topical term or geographic name as entry element Monasticism and religious orders
General subdivision History
Chronological subdivision Middle Ages, 600-1500
General subdivision Congresses.
9 (RLIN) 13235
700 1# - ADDED ENTRY--PERSONAL NAME
Personal name Carfantan, Jerry.
9 (RLIN) 13236
740 0# - ADDED ENTRY--UNCONTROLLED RELATED/ANALYTICAL TITLE
Uncontrolled related/analytical title William, Abbot of Saint-Thierry.
906 ## - LOCAL DATA ELEMENT F, LDF (RLIN)
a 7
b cbc
c orignew
d 1
e ocip
f 19
g y-gencatlg
942 ## - ADDED ENTRY ELEMENTS (KOHA)
Source of classification or shelving scheme Library of Congress Classification
Koha item type Monograph ( Printed materials)
Holdings
Withdrawn status Lost status Source of classification or shelving scheme Damaged status Not for loan Collection code Home library Current library Shelving location Date acquired Total Checkouts Full call number Barcode Date last seen Price effective from Koha item type
    Library of Congress Classification     Main Collection ARRUPE LIBRARY ARRUPE LIBRARY Main Collection 10/12/2014   BX3456.W5 W559 46500003494 22/11/2017 10/12/2014 Monograph ( Printed materials)

 

Arrupe Library. PO Box MP320 Mt Pleasant, Harare, Zimbabwe
263 242 745411|librarian@aju.ac.zw